Economic development : theory, history, policy (Record no. 19927)
[ view plain ]
| 000 -LEADER | |
|---|---|
| fixed length control field | 00729nam a22002297a 4500 |
| 001 - CONTROL NUMBER | |
| control field | 19927 |
| 003 - CONTROL NUMBER IDENTIFIER | |
| rucl marc code | BD-RjUL |
| 005 - DATE AND TIME OF LATEST TRANSACTION | |
| control field | 20211209000510.0 |
| 008 - FIXED-LENGTH DATA ELEMENTS--GENERAL INFORMATION | |
| fixed length control field | 140226s1966 nyua|||| |||| 001 0 eng d |
| 035 ## - SYSTEM CONTROL NUMBER | |
| System control number | (BD-RjUL)19988 |
| 040 ## - CATALOGING SOURCE | |
| Original cataloging agency | BD-RjUL |
| Language of cataloging | eng |
| Transcribing agency | BD-RjUL |
| Modifying agency | BD-RjUL |
| 041 ## - LANGUAGE CODE | |
| Language code of text/sound track or separate title | eng |
| 082 04 - DEWEY DECIMAL CLASSIFICATION NUMBER | |
| Classification number | 338.9 |
| Author mark and year | MEE 1966 |
| Edition number | 23 |
| 100 10 - MAIN ENTRY--PERSONAL NAME | |
| Personal name | Meier, Gerald M. |
| 9 (RLIN) | 61253 |
| 245 10 - TITLE STATEMENT | |
| Title | Economic development : theory, history, policy |
| Remainder of title | theory, history, policy / |
| Statement of responsibility, etc. | by Gerald M Meier ; Robert E. Baldwin |
| 260 ## - PUBLICATION, DISTRIBUTION, ETC. (IMPRINT) | |
| Place of publication, distribution, etc. | New York : |
| Name of publisher, distributor, etc. | Wiley, |
| Date of publication, distribution, etc. | c1957, [printing 1964, 1966] |
| 300 ## - PHYSICAL DESCRIPTION | |
| Pagination | 588 p. : |
| Illustrations | ill. ; |
| Size | 24 cm. |
| 504 ## - BIBLIOGRAPHY, ETC. NOTE | |
| Bibliography, etc | Include index |
| 650 #0 - SUBJECT ADDED ENTRY--TOPICAL TERM | |
| Topical term or geographic name as entry element | Economic development. |
| 9 (RLIN) | 61254 |
| 700 1# - ADDED ENTRY--PERSONAL NAME | |
| Personal name | Baldwin, Robert E. |
| 942 ## - ADDED ENTRY ELEMENTS (KOHA) | |
| Source of classification or shelving scheme | Dewey Decimal Classification |
| Koha item type | Books |
| Lost status | Source of classification or shelving scheme | Damaged status | Not for loan | Collection code | Permanent Location | Current Location | Shelving location | Date acquired | Source of acquisition | Cost, normal purchase price | Total Checkouts | Full call number | Date last seen | Copy number | Koha item type |
|---|---|---|---|---|---|---|---|---|---|---|---|---|---|---|---|
| Dewey Decimal Classification | Not For Loan | Non-fiction | Central Library, University of Rajshahi | Central Library, University of Rajshahi | 15/11/1968 | Zeitlinger | 94.00 | 338.9 MEE 1966 | 26/02/2014 | C-1 | Books | ||||
| Dewey Decimal Classification | Non-fiction | Central Library, University of Rajshahi | Central Library, University of Rajshahi | 15/11/1968 | Zeetlinger | 94.00 | 338.9 MEE 1964 | 19/06/2016 | C-3 | Books | |||||
| Dewey Decimal Classification | Non-fiction | Central Library, University of Rajshahi | Central Library, University of Rajshahi | 15/11/1968 | Zeetlinger | 94.00 | 338.9 MEE 1966 | 19/06/2016 | C-4 | Books | |||||
| Dewey Decimal Classification | Non-fiction | Central Library, University of Rajshahi | Central Library, University of Rajshahi | 15/11/1968 | Zeetlinger | 94.00 | 338.9 MEE 1966 | 19/06/2016 | C-5 | Books | |||||
| Dewey Decimal Classification | Non-fiction | Central Library, University of Rajshahi | Central Library, University of Rajshahi | 15/11/1968 | Zeetlinger | 94.00 | 338.9 MEE 1966 | 19/06/2016 | C-6 | Books | |||||
| Dewey Decimal Classification | Non-fiction | Central Library, University of Rajshahi | Central Library, University of Rajshahi | 15/11/1968 | Zeetlinger | 94.00 | 338.9 MEE 1966 | 19/06/2016 | C-2 | Books | |||||
| Dewey Decimal Classification | Non-fiction | Central Library, University of Rajshahi | Central Library, University of Rajshahi | 15/11/1968 | Zeetlinger | 94.00 | 338.9 MEE 1964 | 19/06/2016 | C-7 | Books | |||||
| Dewey Decimal Classification | Non-fiction | Central Library, University of Rajshahi | Central Library, University of Rajshahi | 15/11/1968 | Zeetlinger | 94.00 | 338.9 MEE 1966 | 19/06/2016 | C-8 | Books | |||||
| Dewey Decimal Classification | Non-fiction | Central Library, University of Rajshahi | Central Library, University of Rajshahi | 15/11/1968 | Zeetlinger | 94.00 | 338.9 MEE 1966 | 19/06/2016 | C-9 | Books | |||||
| Dewey Decimal Classification | Non-fiction | Central Library, University of Rajshahi | Central Library, University of Rajshahi | 15/11/1968 | Zeetlinger | 94.00 | 338.9 MEE 1966 | 19/06/2016 | C-10 | Books |